| 000 | 00513nam a2200193 a 4500 | ||
|---|---|---|---|
| 001 | 23958 | ||
| 003 | CO-ViMGA | ||
| 008 | 141112s2004 ck r 000 u spa d | ||
| 020 | _a9788496263208 | ||
| 040 |
_aCO-ViMGA _bspa _cCO-ViMGA |
||
| 082 | 0 | 4 | _a728.314 K677l |
| 100 | 1 |
_aKottas, Dimitris _934786 |
|
| 245 | 1 | 0 |
_aInteriores de diseño lofts / _cDimitris Kottas |
| 260 |
_aEspaña : _blinks |
||
| 300 | _a239p. | ||
| 650 | 1 | 4 |
_a2 : DECORACION DE INTERIORES _934787 |
| 650 | 1 | 4 |
_aLOFTS _934788 |
| 942 |
_2ddc _cBK |
||
| 999 |
_c32024 _d32024 |
||